Pasión y gloria de Delmira Agustini: su vida y su obra

Furkejuvvon:
Bibliográfalaš dieđut
Váldodahkki: Silva, Clara (Dahkki)
Materiálatiipa: Girji
Giella:espánnjágiella
Almmustuhtton: Buenos Aires Losada 1972
Ráidu:Biblioteca de Estudios Literarios
Fáttát:
Fáddágilkorat: Lasit fáddágilkoriid
Eai fáddágilkorat, Lasit vuosttaš fáddágilkora!

MARC

LEADER 00000nam a2200000 a 4500
001 UCQ6199
003 CL-VaPUC
008 981009e19720000AG |||||||||||||||||spa|d
082 0 4 |a Ur861.09  |b SIL  |2 21 
100 0 |a Silva, Clara  |e author  |9 420107 
245 1 0 |a Pasión y gloria de Delmira Agustini: su vida y su obra 
300 |a 183 p 
942 |c BK 
945 |d 19981009 00:00:00  |a crobeson 
260 |a Buenos Aires  |b Losada  |c 1972 
600 0 7 |a AGUSTINI, DELMIRA  |2 CL-VaPUC  |9 352770 
650 7 |a POESIA URUGUAYA  |2 CL-VaPUC  |9 352775 
650 0 |a Literatura uruguaya  |9 342815 
650 0 |a Crítica e interpretación   |9 255042 
583 |a last modification  |c 19981009 00:00:00  |k Rodrigo Vera 
490 0 |a Biblioteca de Estudios Literarios 
999 |c 276201  |d 276199 
952 |0 0  |1 0  |4 0  |6 UR_861_090000000000000_SIL_1972  |7 0  |8 A  |9 313343  |a BIBEDU  |b BIBEDU  |d 2019-11-20  |i 1476866  |l 1  |o Ur861.09 SIL 1972  |p 1476866  |r 2024-11-19  |s 2024-11-12  |w 2019-11-20  |y BK  |k LIT